000 00844nam a2200241Ia 4500
003 OSt
005 20221005113301.0
006 a|||||r|||| 00| 0
007 ta
008 221004b |||||||| |||| 00| 0 pan d
020 _a8130200848 (hbk)
_c160
024 _a106174
037 _b505, 02/02/2011, H.K. Prakashan
_cTextual
040 _aCRL
_cCRL
_bpan
041 _2pan
_apan
082 _aO168,1H80x, 153P7
100 _aਸੈਨੀ, ਪ੍ਰੀਤਮ, ਥਦ।
245 0 _aਕਲਾਮ ਬੁੱਲੇ੍ਹ ਾਹ
260 _aਪਟਿਆਲਾ
_bਪੰਜਾਬੀ ਯੂਨੀਵਰਸਿਟੀ ਭਾਰਤ
_c2007
300 _a180ਪੰ
_ccm.
942 _hO168,1H80x, 153P7
_cTEXL
_2cc
999 _c1027649
_d1027649